Se extinguen los niños (Registro nro. 17647)
[ vista simple ]
| 000 -CABECERA | |
|---|---|
| Campo de control | 01174nab a22002537a 4500 |
| 005 - FECHA Y HORA DE LA ULTIMA TRANSACCION | |
| Campo de control | 20150806104858.0 |
| 008 - ELEMENTOS DE LONGITUD FIJA—INFORMACION GENERAL | |
| Campo de control | 150805b1977 ck |||| r|||| 00| 0 spa d |
| 040 ## - FUENTE DE CATALOGACIÓN | |
| Agencia catalogadora original | CO-BoIAVH |
| Agencia transcriptora | CO-BoIAVH |
| 041 ## - IDIOMA | |
| Código de idioma para texto/pista de sonido o título separado | Español |
| 044 ## - PAÍS DE PUBLICACIÓN | |
| País de publicación | Colombia |
| 110 1# - ASIENTO PRINCIPAL--NOMBRE CORPORATIVO | |
| Nombre corporativo o de jurisdicción como elemento de entrada | Universidad del Tolima |
| Unidad subordinad | , Grupo ecológico |
| 245 1# - MENCION DE TITULO | |
| Título | Se extinguen los niños |
| 260 3# - PUBLICACION, DISTRIBUCION, ETC. (PIE DE IMPRENTA) | |
| Lugar de publicación, distribución, etc. | Ibagué (Colombia): |
| Nombre del editor, distribuidor, etc. | Centro de publicaciones de la Universidad del Tolima, |
| Fecha de publicación, distribución, etc. | 1977. |
| 300 ## - DESCRIPCION FISICA | |
| Extensión | Vol.1, Nro. 5, Año 1977, Pag. 1-2 |
| 505 ## - NOTA DE CONTENIDO | |
| Nota de contenido | El bacilo mortal.<br/>La asociación médica de Antioquia. |
| 520 ## - NOTA DE RESUMEN, ETC. | |
| Nota de resumen | La publicación del Foro de Desarrollo, de las Naciones Unidas, informó sobre una demanda adelantada por Nestlé, contra una organización ecológica que había traducido y publicado un artículo titulado Nestlé Mata Niños. |
| 650 #6 - ASIENTO SECUNDARIO DE MATERIA - TERMINO TEMATICO | |
| Término temático o nombre geográfico como elemento de entrada | Industria lechera |
| 650 #6 - ASIENTO SECUNDARIO DE MATERIA - TERMINO TEMATICO | |
| Término temático o nombre geográfico como elemento de entrada | Leche |
| Subdivisión general | análisis |
| 650 #6 - ASIENTO SECUNDARIO DE MATERIA - TERMINO TEMATICO | |
| Término temático o nombre geográfico como elemento de entrada | Leche |
| Subdivisión general | Niños |
| 650 #6 - ASIENTO SECUNDARIO DE MATERIA - TERMINO TEMATICO | |
| Término temático o nombre geográfico como elemento de entrada | Microbiología de la leche. |
| 650 #6 - ASIENTO SECUNDARIO DE MATERIA - TERMINO TEMATICO | |
| Término temático o nombre geográfico como elemento de entrada | Leche |
| Subdivisión general | Producción |
| -- | Investigación |
| 773 0# - Item fuente: | |
| Asiento principal | Universidad del Tolima- |
| Lugar, editorial y fecha de publicación | Ibagué (Colombia): Centro de publicaciones de la Universidad del Tolima, 1977. |
| Título | SOS ecológico |
| 942 ## - ELEMENTOS ADICIONALES (KOHA) | |
| Sistema de clasificación | Local |
| Tipo de ítem | Artículo |
No hay ítems disponibles.